[Event "Vojvodina-chT 21st"]
[Site "Backa Palanka"]
[Date "2021.10.26"]
[Round "5.6"]
[White "Mencik, David"]
[Black "Gavric, Zivojin"]
[Result "0-1"]
[WhiteElo "1877"]
[BlackElo "2144"]
[PlyCount "152"]
[EventDate "2021.10.23"]
[EventType "team-tourn"]
[EventRounds "11"]
[EventCountry "SRB"]
[SourceTitle "CBM 204 Extra"]
[Source "ChessBase"]
[SourceDate "2021.11.30"]
[SourceVersion "1"]
[SourceVersionDate "2021.11.30"]
[SourceQuality "1"]
[WhiteTeam "Backa Palanka"]
[BlackTeam "Nova Pazova Mladost"]
[WhiteTeamCountry "SRB"]
[BlackTeamCountry "SRB"]

1. e4 c6 2. d4 d5 3. exd5 cxd5 4. Bd3 Nc6 5. c3 g6 6. Bf4 Bg7 7. Qc2 Nh6 8. Nd2 Bf5 9. Ngf3 Rc8 10. Bxh6 Bxd3 11. Qxd3 Bxh6 12. 0-0 0-0 13. Rfe1 e6 14. Re2 Qc7 15. Nb3 b6 16. Rae1 a5 17. Ne5 a4 18. Nd2 a3 19. Ng4 Bg7 20. b3 Ne7 21. Nb1 Ra8 22. Ne3 Ra7 23. Rc2 Qd7 24. c4 dxc4 25. Nxc4 Qb5 26. Rd1 Rfa8 27. Nc3 Qa6 28. Qf3 b5 29. Ne3 b4 30. Ne4 Rd8 31. Nc5 Qb5 32. Rcd2 Nd5 33. Nxd5 Rxd5 34. Qd3 Qxd3 35. Rxd3 Ra8 36. Kf1 Rad8 37. Na6 Bf8 38. Ke2 Ra5 39. Nc7 Rd7 40. Rc1 Be7 41. d5 exd5 42. Rc6 d4 43. Rc4 Re5+ 44. Kd1 Re4 45. Na6 Rb7 46. Rcxd4 Rxd4 47. Rxd4 Rb6 48. Nc7 Bf6 49. Rc4 Bc3 50. Nd5 Rd6 51. Rc5 Bd4 52. Rb5 Bxf2 53. Ke2 Bg1 54. h3 Re6+ 55. Kd3 Re1 56. Nxb4 Bh2 57. Nc2 Rg1 58. b4 Rxg2 59. Ra5 Rg3+ 60. Kc4 Rxh3 61. b5 Bg1 62. Rxa3 Rh5 63. Ra8+ Kg7 64. a4 Rc5+ 65. Kd3 Rd5+ 66. Kc4 Rc5+ 67. Kd3 Rd5+ 68. Ke2 h5 69. Rc8 h4 70. Kf1 Bc5 71. Kg2 Rd2+ 72. Kh3 Rxc2 73. b6 Rc3+ 74. Kg2 h3+ 75. Kh1 Rc1+ 76. Kh2 Bd6+ 0-1

[Event "Novi Sad Put Svile Schev"]
[Site "Novi Sad"]
[Date "2021.??.??"]
[Round "4"]
[White "Hart, Alexander E"]
[Black "Mencik, David"]
[Result "1-0"]
[WhiteElo "1991"]
[BlackElo "1909"]
[PlyCount "81"]
[EventDate "2021.07.20"]
[EventType "schev"]
[EventRounds "8"]
[EventCountry "SRB"]
[SourceTitle "EXT 2022"]
[Source "ChessBase"]
[SourceDate "2021.10.06"]
[SourceVersion "1"]
[SourceVersionDate "2021.10.06"]
[SourceQuality "1"]
[WhiteTeam "Theam B"]
[BlackTeam "Theam A"]
[WhiteTeamCountry "SRB"]
[BlackTeamCountry "SRB"]

1. d4 Nf6 2. c4 c5 3. d5 b5 4. cxb5 a6 5. e3 g6 6. Nc3 Bg7 7. Nf3 0-0 8. a4 Bb7 9. e4 e6 10. Be2 axb5 11. Bxb5 Na6 12. 0-0 Nb4 13. Be3 d6 14. dxe6 fxe6 15. Ng5 Qe7 16. Qb3 Bc8 17. Bc4 Re8 18. e5 Ng4 19. exd6 Qxd6 20. Nf3 Bxc3 21. bxc3 Nd5 22. Rfd1 Rb8 23. Qa2 Bb7 24. h3 Ne5 25. Nxe5 Qxe5 26. Re1 Nxc3 27. Qa3 Qe4 28. Bf1 Qb4 29. Bxc5 Qxa3 30. Rxa3 Ne4 31. Bb6 Nd2 32. Bb5 Rec8 33. Rxe6 Rc1+ 34. Kh2 Rf8 35. Be3 Nf1+ 36. Bxf1 Rxf1 37. a5 R8xf2 38. Bxf2 Rxf2 39. Rg3 Ra2 40. Rb6 Bd5 41. a6 1-0

[Event "Novi Sad Put Svile Schev"]
[Site "Novi Sad"]
[Date "2021.??.??"]
[Round "7"]
[White "Mencik, David"]
[Black "Rosh, Jain"]
[Result "1-0"]
[WhiteElo "1909"]
[BlackElo "1811"]
[PlyCount "121"]
[EventDate "2021.07.20"]
[EventType "schev"]
[EventRounds "8"]
[EventCountry "SRB"]
[SourceTitle "EXT 2022"]
[Source "ChessBase"]
[SourceDate "2021.10.06"]
[SourceVersion "1"]
[SourceVersionDate "2021.10.06"]
[SourceQuality "1"]
[WhiteTeam "Theam A"]
[BlackTeam "Theam B"]
[WhiteTeamCountry "SRB"]
[BlackTeamCountry "SRB"]

1. e4 c5 2. c3 d5 3. exd5 Qxd5 4. d4 e6 5. Nf3 Nc6 6. Be3 cxd4 7. cxd4 Nf6 8. Nc3 Bb4 9. Bd3 0-0 10. h3 e5 11. dxe5 Nxe5 12. Be2 Nxf3+ 13. Bxf3 Qe5 14. Qd4 Qxd4 15. Bxd4 Re8+ 16. Kf1 Re7 17. Bxf6 gxf6 18. Nd5 Bd6 19. Nxe7+ Bxe7 20. Rc1 Be6 21. Rc7 Bd8 22. Rxb7 Rc8 23. Rxa7 Rc1+ 24. Ke2 Rxh1 25. Ra8 Bxa2 26. Rxd8+ Kg7 27. Rd1 Bc4+ 28. Ke3 Rxd1 29. Bxd1 Kf8 30. Kd4 Bf1 31. Bf3 Ke7 32. Kc5 Kd7 33. Kb6 Kd6 34. b4 h6 35. b5 f5 36. Bc6 f4 37. h4 Bc4 38. Kb7 Ke5 39. b6 Kd6 40. Bf3 Be6 41. Ka8 Bc8 42. b7 Bxb7+ 43. Kxb7 Ke5 44. Kc7 Kd4 45. Kd6 Kc3 46. Ke5 Kb2 47. Kxf4 Kc1 48. g4 h5 49. gxh5 f5 50. h6 Kd2 51. h7 Ke1 52. h8R Kf1 53. Re8 Kg1 54. Re1+ Kxf2 55. Re8 Kf1 56. h5 Kg1 57. h6 Kf2 58. h7 Kf1 59. h8Q Kf2 60. Qh2+ Kf1 61. Qg2# 1-0

[Event "Vojvodina-chT 2nd League"]
[Site "Backa Palanka"]
[Date "2020.10.22"]
[Round "10.6"]
[White "Skopljak, David"]
[Black "Mencik, David"]
[Result "1/2-1/2"]
[WhiteElo "1834"]
[BlackElo "1944"]
[PlyCount "85"]
[EventDate "2020.10.16"]
[EventType "team-tourn"]
[EventRounds "11"]
[EventCountry "SRB"]
[SourceTitle "EXT 2022"]
[Source "ChessBase"]
[SourceDate "2021.10.06"]
[SourceVersion "1"]
[SourceVersionDate "2021.10.06"]
[SourceQuality "1"]
[WhiteTeam "Vojka Sremac"]
[BlackTeam "Backa Palanka"]
[WhiteTeamCountry "SRB"]
[BlackTeamCountry "SRB"]

1. c4 e5 2. Nc3 Nf6 3. Nf3 Nc6 4. g3 d5 5. cxd5 Nxd5 6. d3 Be7 7. Bg2 Be6 8. 0-0 0-0 9. Bd2 Nb6 10. a3 Qd7 11. Re1 Rac8 12. b4 a6 13. Rb1 f6 14. Ne4 Nd5 15. Nc5 Bxc5 16. bxc5 Rb8 17. Rb2 b5 18. cxb6 cxb6 19. Qa4 Qb7 20. Rc1 b5 21. Qd1 Rfc8 22. Ne1 Rc7 23. Nc2 Rbc8 24. Ne3 Nd4 25. Rxc7 Rxc7 26. Rb1 Rd7 27. Rc1 Qb8 28. Kh1 Nxe3 29. Bxe3 Rc7 30. Bxd4 exd4 31. Kg1 Qc8 32. Rb1 Rc3 33. a4 Qc5 34. axb5 axb5 35. Bf3 b4 36. Qa4 Rc1+ 37. Rxc1 Qxc1+ 38. Kg2 Qc8 39. h4 Qf8 40. Qb5 b3 41. Bd5 Bxd5+ 42. Qxd5+ Qf7 43. Qd8+ 1/2-1/2